00723nam a2200229 a 4500001001000000003000500010005001700015008004100032010001100073011001100084020001500095040000900110082001600119100003800135245011300173260003700286300002900323600003800352651003300390651004100423651002900464000114856CHAP20220329144502.0180625s2005 mx a |r| |||1|||spa d a111317 a112289 a9592104492 cCHAP04a972.91bE771 aEsquivel Pérez, Miguel Ángel. 3aEl primer viaje de Cristóbal Colón a Cuba /cpor Miguel Ángel Esquivel Pérez y Cosme Casals Corella. aLa Habana, Cuba :bAbril,c2005. a203 p. :bil. y cuadros.1 aColón, Cristobald(1451 - 1506) aCubaxDescripción y viajes aCubaxDescubrimiento y exploración aCubaxHistoriaySiglo XV